{"text_format":"3","workbook":"xlsx","n_sheets":4,"sheets":["ORÇAMENTO","BDI","Eventograma","Cronograma PLE"],"not_rendered":{"images":1,"external_links":1,"defined_names":8},"read":"whole","date_system":"1900"}

{"sheet":"ORÇAMENTO","index":0,"n_rows":55,"n_cols":10,"rows_kept":55,"merged":[[0,3,1,9],[49,0,49,8]]}
[{"$nulls":3}," Orçamento Referencia"]
[]
[]
["Obra: ","Pavimentação da Rua Albertino Lastória - Trecho II"]
["Local:","Rua Albertino Latória, distrito de Três Pontes Amparo SP"]
["Operação ","1066052-45","P + Brasil",null,889178,"DATA BASE ",null,"2021-01-01"]
[]
[{"$nulls":8},"BDI",{"v":0.2685,"d":"26.85%"}]
[]
["Item","Codigo","Fonte","Evento","Macrosserviço / Serviço","Qtd.","Und.","Custo Unitário","Preço Unitário","Preço Total"]
[1,{"$nulls":3},"Serviços Iniciais",{"$nulls":4},{"$f":"SUBTOTAL(9,J12:J13)","v":{"v":5670.18,"d":"R$ 5,670.18"}}]
["1.1",4813,"SINAPI",9,"PLACA DE OBRA (PARA CONSTRUCAO CIVIL) EM CHAPA GALVANIZADA *N. 22*, ADESIVADA, DE *2,0 X 1,125* M",{"v":6,"d":"6.00"},"M2",{"v":200,"d":"R$ 200.00"},{"$f":"ROUND((H12*$J$8)+H12,2)","v":{"v":253.7,"d":"R$ 253.70"}},{"$f":"F12*I12","v":{"v":1522.1999999999998,"d":"R$ 1,522.20"}}]
["1.2",10775,"SINAPI",1,"LOCACAO DE CONTAINER 2,30 X 6,00 M, ALT. 2,50 M, COM 1 SANITARIO, PARA ESCRITORIO, COMPLETO, SEM DIVISORIAS INTERNAS",{"v":6,"d":"6.00"},"MES",{"v":545,"d":"R$ 545.00"},{"$f":"ROUND((H13*$J$8)+H13,2)","v":{"v":691.33,"d":"R$ 691.33"}},{"$f":"F13*I13","v":{"v":4147.9800000000005,"d":"R$ 4,147.98"}}]
[2,{"$nulls":3},"Demolições e Retiradas",{"$nulls":4},{"$f":"SUBTOTAL(9,J15:J18)-0.01","v":{"v":3135.520699999999,"d":"R$ 3,135.52"}}]
["2.1",97636,"SINAPI",2,"DEMOLIÇÃO PARCIAL DE PAVIMENTO ASFÁLTICO, DE FORMA MECANIZADA, SEM REAPROVEITAMENTO. AF_12/2017",28.91,"M2",{"v":13.59,"d":"R$ 13.59"},{"$f":"ROUND((H15*$J$8)+H15,2)","v":{"v":17.24,"d":"R$ 17.24"}},{"$f":"F15*I15","v":{"v":498.4084,"d":"R$ 498.41"}}]
["2.2","11.20.050","CDHU-180D",2,"Corte de Junta de dilatação, com serra de disco diamantado para pisos - CPOS 178D",{"v":41.3,"d":"41.30"},"M",{"v":14.49,"d":"R$ 14.49"},{"$f":"ROUND((H16*$J$8)+H16,2)","v":{"v":18.38,"d":"R$ 18.38"}},{"$f":"F16*I16","v":{"v":759.0939999999999,"d":"R$ 759.09"}}]
["2.3",97636,"SINAPI",2,"DEMOLIÇÃO PARCIAL DE PAVIMENTO ASFÁLTICO, DE FORMA MECANIZADA, SEM REAPROVEITAMENTO. AF_12/2017",103.86,"M2",{"v":13.59,"d":"R$ 13.59"},{"$f":"ROUND((H17*$J$8)+H17,2)","v":{"v":17.24,"d":"R$ 17.24"}},{"$f":"F17*I17","v":{"v":1790.5463999999997,"d":"R$ 1,790.55"}}]
["2.4",100981,"SINAPI",2,"CARGA, MANOBRA E DESCARGA DE ENTULHO EM CAMINHÃO BASCULANTE 6 M³ - CARGA COM ESCAVADEIRA HIDRÁULICA (CAÇAMBA DE 0,80 M³ / 111 HP) E DESCARGA LIVRE (UNIDADE: M3). AF_07/2020",11.87,"M3",{"v":5.81,"d":"R$ 5.81"},{"$f":"ROUND((H18*$J$8)+H18,2)","v":{"v":7.37,"d":"R$ 7.37"}},{"$f":"F18*I18","v":{"v":87.4819,"d":"R$ 87.48"}}]
[3,{"$nulls":3},"Pavimentação",{"$nulls":4},{"$f":"SUBTOTAL(9,J20:J25)","v":{"v":79841.31509999999,"d":"R$ 79,841.32"}}]
["3.1",95147,"SINAPI",3,"ABERTURA DE CAIXA ATÉ 25CM, INCLUSIVE ESCAVAÇÃO, COMPACTAÇÃO, TRANSPORTE E PREPARO DO SUB-LEITO - SINAPI 07/2020",{"v":1014.81,"d":"1,014.81"},"M2",{"v":12.54,"d":"R$ 12.54"},{"$f":"ROUND((H20*$J$8)+H20,2)","v":{"v":15.91,"d":"R$ 15.91"}},{"$f":"F20*I20","v":{"v":16145.6271,"d":"R$ 16,145.63"}}]
["3.2",96396,"SINAPI",3,"EXECUÇÃO E COMPACTAÇÃO DE BASE E OU SUB BASE PARA PAVIMENTAÇÃO DE BRITA GRADUADA SIMPLES - EXCLUSIVE CARGA E TRANSPORTE. AF_11/2019",144.44,"M3",{"v":100.32,"d":"R$ 100.32"},{"v":127.26,"d":"R$ 127.26"},{"v":18381.434400000002,"d":"R$ 18,381.43"}]
["3.3",95430,"SINAPI",3,"TRANSPORTE COM CAMINHÃO BASCULANTE DE 18 M³, EM VIA URBANA PAVIMENTADA, ADICIONAL PARA DMT EXCEDENTE A 30 KM (UNIDADE: TXKM). AF_07/2020",{"v":7323.23,"d":"7,323.23"},"TXKM",{"v":0.82,"d":"R$ 0.82"},{"v":1.04,"d":"R$ 1.04"},{"v":7616.1592,"d":"R$ 7,616.16"}]
["3.4",96402,"SINAPI",4,"EXECUÇÃO DE PINTURA DE LIGAÇÃO COM EMULSÃO ASFÁLTICA RR-2C. AF_11/2019",857.85,"M2",{"v":1.92,"d":"R$ 1.92"},{"v":2.44,"d":"R$ 2.44"},{"v":2093.154,"d":"R$ 2,093.15"}]
["3.5",95995,"SINAPI",4,"EXECUÇÃO DE PAVIMENTO COM APLICAÇÃO DE CONCRETO ASFÁLTICO, CAMADA DE ROLAMENTO - EXCLUSIVE CARGA E TRANSPORTE. AF_11/2019",25.74,"M3",{"v":918.69,"d":"R$ 918.69"},{"v":1165.36,"d":"R$ 1,165.36"},{"v":29996.366399999995,"d":"R$ 29,996.37"}]
["3.6",93179,"SINAPI ",4,"TRANSPORTE DE MATERIAL ASFALTICO, COM CAMINHÃO COM CAPACIDADE DE 20000 L EM RODOVIA NÃO PAVIMENTADA PARA DISTÂNCIAS MÉDIAS DE TRANSPORTE IGUAL OU INFERIOR A 100 KM. AF_02/2016",{"v":2208.1,"d":"2,208.10"},"TXKM",{"v":2,"d":"R$ 2.00"},{"v":2.54,"d":"R$ 2.54"},{"v":5608.574,"d":"R$ 5,608.57"}]
[4,{"$nulls":3},"Drenagem",{"$nulls":4},{"$f":"SUBTOTAL(9,J27:J40)+0.02","v":{"v":154124.8858,"d":"R$ 154,124.89"}}]
["4.1","02.10.060","CDHU-180D",5,"Locação de vias, calçadas, tanques e lagos",{"v":1014.81,"d":"1,014.81"},"M2",{"v":1.19,"d":"R$ 1.19"},{"$f":"ROUND((H27*$J$8)+H27,2)","v":{"v":1.51,"d":"R$ 1.51"}},{"$f":"F27*I27","v":{"v":1532.3631,"d":"R$ 1,532.36"}}]
["4.2",94273,"SINAPI ",5,"ASSENTAMENTO DE GUIA (MEIO-FIO) EM TRECHO RETO, CONFECCIONADA EM CONCRETO PRÉ-FABRICADO, DIMENSÕES 100X15X13X30 CM (COMPRIMENTO X BASE INFERIOR X BASE SUPERIOR X ALTURA), PARA VIAS URBANAS (USO VIÁRIO). AF_06/2016",{"v":348.8,"d":"348.80"},"M",{"v":36.97,"d":"R$ 36.97"},{"v":46.9,"d":"R$ 46.90"},{"v":16358.72,"d":"R$ 16,358.72"}]
["4.3",94281,"SINAPI ",5,"EXECUÇÃO DE SARJETA DE CONCRETO USINADO, MOLDADA IN LOCO EM TRECHO RETO, 30 CM BASE X 15 CM ALTURA. AF_06/2016",{"v":348.8,"d":"348.80"},"M",{"v":39,"d":"R$ 39.00"},{"v":49.47,"d":"R$ 49.47"},{"v":17255.136,"d":"R$ 17,255.14"}]
["4.4",90093,"SINAPI",6,"ESCAVAÇÃO MECANIZADA DE VALA COM PROF. MAIOR QUE 1,5 M ATÉ 3,0 M (MÉDIA ENTRE MONTANTE E JUSANTE/UMA COMPOSIÇÃO POR TRECHO), COM ESCAVADEIRA HIDRÁULICA (0,8 M3/111 HP), LARG. DE 1,5 M A 2,5 M, EM SOLO DE 1A CATEGORIA, LOCAIS COM BAIXO NÍVEL DE INTERFERÊNCIA. AF_01/2015",{"v":539.7,"d":"539.70"},"M3",{"v":4.53,"d":"R$ 4.53"},{"v":5.75,"d":"R$ 5.75"},{"v":3103.275,"d":"R$ 3,103.28"}]
["4.5",100323,"SINAPI ",6,"LASTRO COM PREPARO DE FUNDO, LARGURA MAIOR OU IGUAL A 1,5 M, COM CAMADA DE AREIA, LANÇAMENTO MECANIZADO, EM LOCAL COM NÍVEL BAIXO DE INTERFERÊNCIA. AF_06/2016",36.57,"M3",{"v":87.84,"d":"R$ 87.84"},{"v":111.43,"d":"R$ 111.43"},{"v":4074.9951,"d":"R$ 4,075.00"}]
["4.6",95568,"SINAPI",6,"TUBO DE CONCRETO (SIMPLES) PARA REDES COLETORAS DE ÁGUAS PLUVIAIS, DIÂMETRO DE 400 MM, JUNTA RÍGIDA, INSTALADO EM LOCAL COM BAIXO NÍVEL DE INTERFERÊNCIAS - FORNECIMENTO E ASSENTAMENTO. AF_12/2015",{"v":24.5,"d":"24.50"},"M",{"v":82.89,"d":"R$ 82.89"},{"v":105.15,"d":"R$ 105.15"},{"v":2576.175,"d":"R$ 2,576.18"}]
["4.7",92212,"SINAPI",6,"TUBO DE CONCRETO PARA REDES COLETORAS DE ÁGUAS PLUVIAIS, DIÂMETRO DE 600 MM, JUNTA RÍGIDA, INSTALADO EM LOCAL COM BAIXO NÍVEL DE INTERFERÊNCIAS - FORNECIMENTO E ASSENTAMENTO. AF_12/2015",{"v":240.2,"d":"240.20"},"M",{"v":178.773,"d":"R$ 178.77"},{"v":226.77,"d":"R$ 226.77"},{"v":54470.154,"d":"R$ 54,470.15"}]
["4.8",93382,"SINAPI",6,"REATERRO MANUAL DE VALAS COM COMPACTAÇÃO MECANIZADA. AF_04/2016",71.67,"M3",{"v":27.67,"d":"R$ 27.67"},{"v":35.1,"d":"R$ 35.10"},{"v":2515.617,"d":"R$ 2,515.62"}]
["4.9",93376,"SINAPI",6,"REATERRO MECANIZADO DE VALA COM RETROESCAVADEIRA (CAPACIDADE DA CAÇAMBA DA RETRO: 0,26 M³ / POTÊNCIA: 88 HP), LARGURA ATÉ 0,8 M, PROFUNDIDADE DE 1,5 A 3,0 M, COM SOLO DE 1ª CATEGORIA EM LOCAIS COM ALTO NÍVEL DE INTERFERÊNCIA. AF_04/2016",324.46,"M3",{"v":12.7,"d":"R$ 12.70"},{"v":16.11,"d":"R$ 16.11"},{"v":5227.0506,"d":"R$ 5,227.05"}]
["4.10",99280,"SINAPI ",6,"BASE PARA POÇO DE VISITA CIRCULAR PARA DRENAGEM, EM ALVENARIA COM TIJOLOS CERÂMICOS MACIÇOS, DIÂMETRO INTERNO = 0,8 M, PROFUNDIDADE = 1,45 M, EXCLUINDO TAMPÃO. AF_05/2018",{"v":7,"d":"7.00"},"UN",{"v":1543.12,"d":"R$ 1,543.12"},{"v":1957.45,"d":"R$ 1,957.45"},{"v":13702.15,"d":"R$ 13,702.15"}]
["4.11",98051,"SINAPI",6,"CHAMINÉ CIRCULAR PARA POÇO DE VISITA PARA ESGOTO, EM ALVENARIA COM TIJOLOS CERÂMICOS MACIÇOS, DIÂMETRO INTERNO = 0,6 M. AF_05/2018",{"v":7,"d":"7.00"},"M",{"v":747.65,"d":"R$ 747.65"},{"v":948.39,"d":"R$ 948.39"},{"v":6638.73,"d":"R$ 6,638.73"}]
["4.12",98114,"SINAPI ",6,"TAMPA CIRCULAR PARA ESGOTO E DRENAGEM, EM FERRO FUNDIDO, DIÂMETRO INTERNO = 0,6 M. AF_05/2018",{"v":7,"d":"7.00"},"UN",{"v":560.85,"d":"R$ 560.85"},{"v":711.44,"d":"R$ 711.44"},{"v":4980.08,"d":"R$ 4,980.08"}]
["4.13","49.12.058","CDHU-180D",6,"Boca de Leão simples com grelha - cops 178",{"v":5,"d":"5.00"},"UN",{"v":1991.44,"d":"R$ 1,991.44"},{"v":2526.14,"d":"R$ 2,526.14"},{"v":12630.699999999999,"d":"R$ 12,630.70"}]
["4.14","Composição - comp 01","Composição - comp 01",6,"CABECEIRA DE DESCARGA COM MURO DE ALA EXECUTADO EM ALVENARIA ESTRUTURAL DE BLOCOS DE CONCRETO, BASE DE COCRETO ARMADO=2,80MX2,80M",{"v":1,"d":"1.00"},"UN",{"v":7142.07,"d":"R$ 7,142.07"},{"v":9059.72,"d":"R$ 9,059.72"},{"v":9059.72,"d":"R$ 9,059.72"}]
[5,{"$nulls":3},"Sinalização",{"$nulls":4},{"$f":"SUBTOTAL(9,J42:J44)","v":{"v":4465.7652,"d":"R$ 4,465.77"}}]
["5.1",72947,"SINAPI",7,"SINALIZACAO HORIZONTAL COM TINTA RETRORREFLETIVA A BASE DE RESINA ACRILICA COM MICROESFERAS DE VIDRO",31.44,"M2",{"v":16.74,"d":"R$ 16.74"},{"$f":"ROUND((H42*$J$8)+H42,2)","v":{"v":21.23,"d":"R$ 21.23"}},{"$f":"F42*I42","v":{"v":667.4712000000001,"d":"R$ 667.47"}}]
["5.2",34723,"SINAPI",7,"PLACA DE SINALIZACAO EM CHAPA DE ACO NUM 16 COM PINTURA REFLETIVA",{"v":1,"d":"1.00"},"M2",{"v":462,"d":"R$ 462.00"},{"$f":"ROUND((H43*$J$8)+H43,2)","v":{"v":586.05,"d":"R$ 586.05"}},{"$f":"F43*I43","v":{"v":586.05,"d":"R$ 586.05"}}]
["5.3","46.08.070","CDHU-180D",7,"Tubo galvanizado sem costura schedule 40, DN= 2 1/2´, inclusive conexões",{"v":10.8,"d":"10.80"},"M",{"v":234.47,"d":"R$ 234.47"},{"$f":"ROUND((H44*$J$8)+H44,2)","v":{"v":297.43,"d":"R$ 297.43"}},{"$f":"F44*I44","v":{"v":3212.244,"d":"R$ 3,212.24"}}]
[6,{"$nulls":3},"Acessibilidade",{"$nulls":4},{"$f":"SUBTOTAL(9,J46:J49)","v":{"v":28916.8324,"d":"R$ 28,916.83"}}]
["6.1",94909,"SINAPI ",8,"CORTE E RECORTE DE ÁRVORES INCLUSIVE RETIRADA DE RAÍZES - SINAPI 01-20",{"v":7,"d":"7.00"},"UN",{"v":171.62,"d":"R$ 171.62"},{"$f":"ROUND((H46*$J$8)+H46,2)","v":{"v":217.7,"d":"R$ 217.70"}},{"$f":"F46*I46","v":{"v":1523.8999999999999,"d":"R$ 1,523.90"}}]
["6.2",98525,"SINAPI ",8,"LIMPEZA MECANIZADA DE CAMADA VEGETAL, VEGETAÇÃO E PEQUENAS ÁRVORES (DIÂMETRO DE TRONCO MENOR QUE 0,20 M), COM TRATOR DE ESTEIRAS.AF_05/2018",558.56,"M2",{"v":0.3,"d":"R$ 0.30"},{"$f":"ROUND((H47*$J$8)+H47,2)","v":{"v":0.38,"d":"R$ 0.38"}},{"$f":"F47*I47","v":{"v":212.25279999999998,"d":"R$ 212.25"}}]
["6.3",94991,"SINAPI",8,"EXECUÇÃO DE PASSEIO (CALÇADA) OU PISO DE CONCRETO COM CONCRETO MOLDADO IN LOCO, USINADO, ACABAMENTO CONVENCIONAL, NÃO ARMADO. AF_07/2016",42.14,"M3",{"v":454.19,"d":"R$ 454.19"},{"$f":"ROUND((H48*$J$8)+H48,2)","v":{"v":576.14,"d":"R$ 576.14"}},{"$f":"F48*I48","v":{"v":24278.5396,"d":"R$ 24,278.54"}}]
["6.4",101094,"SINAPI ",8,"PISO PODOTÁTIL, DIRECIONAL OU ALERTA, ASSENTADO SOBRE ARGAMASSA. AF_05/2020",{"v":18,"d":"18.00"},"M",{"v":127.1,"d":"R$ 127.10"},{"$f":"ROUND((H49*$J$8)+H49,2)","v":{"v":161.23,"d":"R$ 161.23"}},{"$f":"F49*I49","v":{"v":2902.14,"d":"R$ 2,902.14"}}]
["Total:",{"$nulls":8},{"$f":"SUBTOTAL(9,(J11:J49))+0.01","v":{"v":276154.4992,"d":"R$ 276,154.50"}}]
[]
[]
[{"$nulls":4},"Carlos Eduardo Mazzetto"]
[{"$nulls":4},"Eng. Civil         SMDU"]
[{"$nulls":4},"CREA 5060363666"]

{"sheet":"BDI","index":1,"n_rows":53,"n_cols":10,"rows_kept":53,"merged":[[0,8,0,9],[2,8,2,9],[4,0,4,1],[4,2,4,3],[4,4,4,9],[5,0,5,1],[5,2,5,3],[5,4,5,9],[7,0,7,9],[8,0,8,9],[10,0,10,7],[10,8,10,9],[11,0,11,7],[11,8,11,9],[14,0,14,9],[16,0,16,9],[17,0,17,9],[19,0,20,7],[19,8,20,8],[19,9,20,9],[21,0,21,7],[22,0,22,7],[23,0,23,7],[24,0,24,7],[25,0,25,7],[26,0,26,7],[27,0,27,7],[28,0,28,7],[29,0,29,7],[30,0,30,7],[32,1,32,9],[34,0,34,9],[35,3,36,3],[35,4,35,6],[35,7,36,7],[36,4,36,6],[38,0,38,9],[40,0,40,9],[43,0,43,9],[45,0,45,3],[45,6,45,9],[46,0,46,3],[48,0,48,3],[49,0,49,3]]}
[{"$nulls":5},"Quadro de Composição do BDI",null,null,"Grau de Sigilo"]
[]
[{"$nulls":8},"#PUBLICO"]
[]
["Nº OPERAÇÃO",null,"Nº SICONV",null,"PROPONENTE / TOMADOR"]
["1066.052-45",null,"889178",null,"Município de Amparo"]
[]
["APELIDO DO EMPREENDIMENTO / DESCRIÇÃO DO LOTE"]
["PAVIMENTAÇÃO CHÁCARA DAS ÁGUAS - Trecho II / PROGRAMA PLANEJAMENTO URBANO PAVIMENTAÇÃO DE VIAS URBANAS"]
[]
["Conforme legislação tributária municipal, definir estimativa de percentual da base de cálculo para o ISS:",{"$nulls":7},{"v":0.6,"d":"60.00%"}]
["Sobre a base de cálculo, definir a respectiva alíquota do ISS (entre 2% e 5%):",{"$nulls":7},{"v":0.05,"d":"5.00%"}]
[]
[]
["BDI 1"]
[]
["TIPO DE OBRA"]
["Construção de Praças Urbanas, Rodovias, Ferrovias e recapeamento e pavimentação de vias urbanas"]
[]
["Itens",{"$nulls":7},"Siglas","% Adotado"]
[]
["Administração Central",{"$nulls":7},"AC",{"v":0.038,"d":"3.80%"}]
["Seguro e Garantia",{"$nulls":7},"SG",{"v":0.0032,"d":"0.32%"}]
["Risco",{"$nulls":7},"R",{"v":0.005,"d":"0.50%"}]
["Despesas Financeiras",{"$nulls":7},"DF",{"v":0.0102,"d":"1.02%"}]
["Lucro",{"$nulls":7},"L",{"v":0.0664,"d":"6.64%"}]
["Tributos (impostos COFINS 3%, e  PIS 0,65%)",{"$nulls":7},"CP",{"v":0.0365,"d":"3.65%"}]
["Tributos (ISS, variável de acordo com o município)",{"$nulls":7},"ISS",{"v":0.03,"d":"3.00%"}]
["Tributos (Contribuição Previdenciária sobre a Receita Bruta - 0% ou 4,5% - Desoneração)",{"$nulls":7},"CPRB",{"v":0.045,"d":"4.50%"}]
["BDI SEM desoneração (Fórmula Acórdão TCU)",{"$nulls":7},"BDI PAD",{"v":0.2073,"d":"20.73%"}]
["BDI COM desoneração",{"$nulls":7},"BDI DES",{"v":0.2685,"d":"26.85%"}]
[]
["",""]
[]
["Os valores de BDI foram calculados com o emprego da fórmula:"]
[{"$nulls":3},"BDI =","(1+AC + S + R + G)*(1 + DF)*(1+L)",null,null," - 1"]
[{"$nulls":4},"(1-CP-ISS-CRPB)"]
[]
["Declaro para os devidos fins que, conforme legislação tributária municipal, a base de cálculo deste tipo de obra corresponde à 60%, com a respectiva alíquota de 5%."]
[]
["Declaro para os devidos fins que o regime de Contribuição Previdenciária sobre a Receita Bruta adotado para elaboração do orçamento foi COM Desoneração, e que esta é a alternativa mais adequada para a Administração Pública."]
[]
["Observações:"]
[]
[]
["Amparo / SP",{"$nulls":5},"2021-01-28"]
["Local",{"$nulls":5},"Data"]
[]
[]
["Responsável Técnico"]
["Nome:","Calos Eduardo Mazzetto"]
["CREA/CAU:","5060363666"]
["ART/RRT:",0]

{"sheet":"Eventograma","index":2,"n_rows":57,"n_cols":5,"rows_kept":57,"merged":[[0,2,1,4],[51,2,51,3]]}
[null,null," EVENTOGRAMA"]
[]
[]
["Obra: ","Pavimentação da Rua Albertino Lastória - Trecho II"]
["Local:","Rua Albertino Latória, distrito de Três Pontes Amparo SP"]
["Operação ","1066052-45","P + Brasil      889178","DATA BASE ","2021-01-01"]
[]
["Evento ","Item","Título do Evento / Descrição do Serviço","Valor ","Total"]
[1,null,"Serviços Iniciais",null,{"$f":"D10","v":{"v":1522.1999999999998,"d":"R$ 1,522.20"}}]
[null,{"$f":"ORÇAMENTO!A13","v":"1.2"},{"$f":"ORÇAMENTO!E13","v":"LOCACAO DE CONTAINER 2,30 X 6,00 M, ALT. 2,50 M, COM 1 SANITARIO, PARA ESCRITORIO, COMPLETO, SEM DIVISORIAS INTERNAS"},{"$f":"ORÇAMENTO!J12","v":{"v":1522.1999999999998,"d":"R$ 1,522.20"}}]
[2,null,"Demolições e Retiradas",null,{"$f":"SUM(D12:D15)","v":{"v":3135.5306999999993,"d":"R$ 3,135.53"}}]
[null,{"$f":"ORÇAMENTO!A15","v":"2.1"},{"$f":"ORÇAMENTO!E15","v":"DEMOLIÇÃO PARCIAL DE PAVIMENTO ASFÁLTICO, DE FORMA MECANIZADA, SEM REAPROVEITAMENTO. AF_12/2017"},{"$f":"ORÇAMENTO!J15","v":{"v":498.4084,"d":"R$ 498.41"}}]
[null,{"$f":"ORÇAMENTO!A16","v":"2.2"},{"$f":"ORÇAMENTO!E16","v":"Corte de Junta de dilatação, com serra de disco diamantado para pisos - CPOS 178D"},{"$f":"ORÇAMENTO!J16","v":{"v":759.0939999999999,"d":"R$ 759.09"}}]
[null,{"$f":"ORÇAMENTO!A17","v":"2.3"},{"$f":"ORÇAMENTO!E17","v":"DEMOLIÇÃO PARCIAL DE PAVIMENTO ASFÁLTICO, DE FORMA MECANIZADA, SEM REAPROVEITAMENTO. AF_12/2017"},{"$f":"ORÇAMENTO!J17","v":{"v":1790.5463999999997,"d":"R$ 1,790.55"}}]
[null,{"$f":"ORÇAMENTO!A18","v":"2.4"},{"$f":"ORÇAMENTO!E18","v":"CARGA, MANOBRA E DESCARGA DE ENTULHO EM CAMINHÃO BASCULANTE 6 M³ - CARGA COM ESCAVADEIRA HIDRÁULICA (CAÇAMBA DE 0,80 M³ / 111 HP) E DESCARGA LIVRE (UNIDADE: M3). AF_07/2020"},{"$f":"ORÇAMENTO!J18","v":{"v":87.4819,"d":"R$ 87.48"}}]
[3,null,"Pavimentação Base",null,{"$f":"SUM(D17:D19)","v":{"v":42143.220700000005,"d":"R$ 42,143.22"}}]
[null,{"$f":"ORÇAMENTO!A20","v":"3.1"},{"$f":"ORÇAMENTO!E20","v":"ABERTURA DE CAIXA ATÉ 25CM, INCLUSIVE ESCAVAÇÃO, COMPACTAÇÃO, TRANSPORTE E PREPARO DO SUB-LEITO - SINAPI 07/2020"},{"$f":"ORÇAMENTO!J20","v":{"v":16145.6271,"d":"R$ 16,145.63"}}]
[null,{"$f":"ORÇAMENTO!A21","v":"3.2"},{"$f":"ORÇAMENTO!E21","v":"EXECUÇÃO E COMPACTAÇÃO DE BASE E OU SUB BASE PARA PAVIMENTAÇÃO DE BRITA GRADUADA SIMPLES - EXCLUSIVE CARGA E TRANSPORTE. AF_11/2019"},{"$f":"ORÇAMENTO!J21","v":{"v":18381.434400000002,"d":"R$ 18,381.43"}}]
[null,{"$f":"ORÇAMENTO!A22","v":"3.3"},{"$f":"ORÇAMENTO!E22","v":"TRANSPORTE COM CAMINHÃO BASCULANTE DE 18 M³, EM VIA URBANA PAVIMENTADA, ADICIONAL PARA DMT EXCEDENTE A 30 KM (UNIDADE: TXKM). AF_07/2020"},{"$f":"ORÇAMENTO!J22","v":{"v":7616.1592,"d":"R$ 7,616.16"}}]
[4,null,"Pavimentação Capa",null,{"$f":"SUM(D21:D23)","v":{"v":37698.094399999994,"d":"R$ 37,698.09"}}]
[null,{"$f":"ORÇAMENTO!A23","v":"3.4"},{"$f":"ORÇAMENTO!E23","v":"EXECUÇÃO DE PINTURA DE LIGAÇÃO COM EMULSÃO ASFÁLTICA RR-2C. AF_11/2019"},{"$f":"ORÇAMENTO!J23","v":{"v":2093.154,"d":"R$ 2,093.15"}}]
[null,{"$f":"ORÇAMENTO!A24","v":"3.5"},{"$f":"ORÇAMENTO!E24","v":"EXECUÇÃO DE PAVIMENTO COM APLICAÇÃO DE CONCRETO ASFÁLTICO, CAMADA DE ROLAMENTO - EXCLUSIVE CARGA E TRANSPORTE. AF_11/2019"},{"$f":"ORÇAMENTO!J24","v":{"v":29996.366399999995,"d":"R$ 29,996.37"}}]
[null,{"$f":"ORÇAMENTO!A25","v":"3.6"},{"$f":"ORÇAMENTO!E25","v":"TRANSPORTE DE MATERIAL ASFALTICO, COM CAMINHÃO COM CAPACIDADE DE 20000 L EM RODOVIA NÃO PAVIMENTADA PARA DISTÂNCIAS MÉDIAS DE TRANSPORTE IGUAL OU INFERIOR A 100 KM. AF_02/2016"},{"$f":"ORÇAMENTO!J25","v":{"v":5608.574,"d":"R$ 5,608.57"}}]
[5,null,"Drenagem Superficial",null,{"$f":"SUM(D25:D27)","v":{"v":35146.2191,"d":"R$ 35,146.22"}}]
[null,{"$f":"ORÇAMENTO!A27","v":"4.1"},{"$f":"ORÇAMENTO!E27","v":"Locação de vias, calçadas, tanques e lagos"},{"$f":"ORÇAMENTO!J27","v":{"v":1532.3631,"d":"R$ 1,532.36"}}]
[null,{"$f":"ORÇAMENTO!A28","v":"4.2"},{"$f":"ORÇAMENTO!E28","v":"ASSENTAMENTO DE GUIA (MEIO-FIO) EM TRECHO RETO, CONFECCIONADA EM CONCRETO PRÉ-FABRICADO, DIMENSÕES 100X15X13X30 CM (COMPRIMENTO X BASE INFERIOR X BASE SUPERIOR X ALTURA), PARA VIAS URBANAS (USO VIÁRIO). AF_06/2016"},{"$f":"ORÇAMENTO!J28","v":{"v":16358.72,"d":"R$ 16,358.72"}}]
[null,{"$f":"ORÇAMENTO!A29","v":"4.3"},{"$f":"ORÇAMENTO!E29","v":"EXECUÇÃO DE SARJETA DE CONCRETO USINADO, MOLDADA IN LOCO EM TRECHO RETO, 30 CM BASE X 15 CM ALTURA. AF_06/2016"},{"$f":"ORÇAMENTO!J29","v":{"v":17255.136,"d":"R$ 17,255.14"}}]
[6,null,"Drenagem Profunda",null,{"$f":"SUM(D29:D39)","v":{"v":118978.6467,"d":"R$ 118,978.65"}}]
[null,{"$f":"ORÇAMENTO!A30","v":"4.4"},{"$f":"ORÇAMENTO!E30","v":"ESCAVAÇÃO MECANIZADA DE VALA COM PROF. MAIOR QUE 1,5 M ATÉ 3,0 M (MÉDIA ENTRE MONTANTE E JUSANTE/UMA COMPOSIÇÃO POR TRECHO), COM ESCAVADEIRA HIDRÁULICA (0,8 M3/111 HP), LARG. DE 1,5 M A 2,5 M, EM SOLO DE 1A CATEGORIA, LOCAIS COM BAIXO NÍVEL DE INTERFERÊNCIA. AF_01/2015"},{"$f":"ORÇAMENTO!J30","v":{"v":3103.275,"d":"R$ 3,103.28"}}]
[null,{"$f":"ORÇAMENTO!A31","v":"4.5"},{"$f":"ORÇAMENTO!E31","v":"LASTRO COM PREPARO DE FUNDO, LARGURA MAIOR OU IGUAL A 1,5 M, COM CAMADA DE AREIA, LANÇAMENTO MECANIZADO, EM LOCAL COM NÍVEL BAIXO DE INTERFERÊNCIA. AF_06/2016"},{"$f":"ORÇAMENTO!J31","v":{"v":4074.9951,"d":"R$ 4,075.00"}}]
[null,{"$f":"ORÇAMENTO!A32","v":"4.6"},{"$f":"ORÇAMENTO!E32","v":"TUBO DE CONCRETO (SIMPLES) PARA REDES COLETORAS DE ÁGUAS PLUVIAIS, DIÂMETRO DE 400 MM, JUNTA RÍGIDA, INSTALADO EM LOCAL COM BAIXO NÍVEL DE INTERFERÊNCIAS - FORNECIMENTO E ASSENTAMENTO. AF_12/2015"},{"$f":"ORÇAMENTO!J32","v":{"v":2576.175,"d":"R$ 2,576.18"}}]
[null,{"$f":"ORÇAMENTO!A33","v":"4.7"},{"$f":"ORÇAMENTO!E33","v":"TUBO DE CONCRETO PARA REDES COLETORAS DE ÁGUAS PLUVIAIS, DIÂMETRO DE 600 MM, JUNTA RÍGIDA, INSTALADO EM LOCAL COM BAIXO NÍVEL DE INTERFERÊNCIAS - FORNECIMENTO E ASSENTAMENTO. AF_12/2015"},{"$f":"ORÇAMENTO!J33","v":{"v":54470.154,"d":"R$ 54,470.15"}}]
[null,{"$f":"ORÇAMENTO!A34","v":"4.8"},{"$f":"ORÇAMENTO!E34","v":"REATERRO MANUAL DE VALAS COM COMPACTAÇÃO MECANIZADA. AF_04/2016"},{"$f":"ORÇAMENTO!J34","v":{"v":2515.617,"d":"R$ 2,515.62"}}]
[null,{"$f":"ORÇAMENTO!A35","v":"4.9"},{"$f":"ORÇAMENTO!E35","v":"REATERRO MECANIZADO DE VALA COM RETROESCAVADEIRA (CAPACIDADE DA CAÇAMBA DA RETRO: 0,26 M³ / POTÊNCIA: 88 HP), LARGURA ATÉ 0,8 M, PROFUNDIDADE DE 1,5 A 3,0 M, COM SOLO DE 1ª CATEGORIA EM LOCAIS COM ALTO NÍVEL DE INTERFERÊNCIA. AF_04/2016"},{"$f":"ORÇAMENTO!J35","v":{"v":5227.0506,"d":"R$ 5,227.05"}}]
[null,{"$f":"ORÇAMENTO!A36","v":"4.10"},{"$f":"ORÇAMENTO!E36","v":"BASE PARA POÇO DE VISITA CIRCULAR PARA DRENAGEM, EM ALVENARIA COM TIJOLOS CERÂMICOS MACIÇOS, DIÂMETRO INTERNO = 0,8 M, PROFUNDIDADE = 1,45 M, EXCLUINDO TAMPÃO. AF_05/2018"},{"$f":"ORÇAMENTO!J36","v":{"v":13702.15,"d":"R$ 13,702.15"}}]
[null,{"$f":"ORÇAMENTO!A37","v":"4.11"},{"$f":"ORÇAMENTO!E37","v":"CHAMINÉ CIRCULAR PARA POÇO DE VISITA PARA ESGOTO, EM ALVENARIA COM TIJOLOS CERÂMICOS MACIÇOS, DIÂMETRO INTERNO = 0,6 M. AF_05/2018"},{"$f":"ORÇAMENTO!J37","v":{"v":6638.73,"d":"R$ 6,638.73"}}]
[null,{"$f":"ORÇAMENTO!A38","v":"4.12"},{"$f":"ORÇAMENTO!E38","v":"TAMPA CIRCULAR PARA ESGOTO E DRENAGEM, EM FERRO FUNDIDO, DIÂMETRO INTERNO = 0,6 M. AF_05/2018"},{"$f":"ORÇAMENTO!J38","v":{"v":4980.08,"d":"R$ 4,980.08"}}]
[null,{"$f":"ORÇAMENTO!A39","v":"4.13"},{"$f":"ORÇAMENTO!E39","v":"Boca de Leão simples com grelha - cops 178"},{"$f":"ORÇAMENTO!J39","v":{"v":12630.699999999999,"d":"R$ 12,630.70"}}]
[null,{"$f":"ORÇAMENTO!A40","v":"4.14"},{"$f":"ORÇAMENTO!E40","v":"CABECEIRA DE DESCARGA COM MURO DE ALA EXECUTADO EM ALVENARIA ESTRUTURAL DE BLOCOS DE CONCRETO, BASE DE COCRETO ARMADO=2,80MX2,80M"},{"$f":"ORÇAMENTO!J40","v":{"v":9059.72,"d":"R$ 9,059.72"}}]
[7,null,"Sinalização",null,{"$f":"SUM(D41:D43)","v":{"v":4465.7652,"d":"R$ 4,465.77"}}]
[null,{"$f":"ORÇAMENTO!A42","v":"5.1"},{"$f":"ORÇAMENTO!E42","v":"SINALIZACAO HORIZONTAL COM TINTA RETRORREFLETIVA A BASE DE RESINA ACRILICA COM MICROESFERAS DE VIDRO"},{"$f":"ORÇAMENTO!J42","v":{"v":667.4712000000001,"d":"R$ 667.47"}}]
[null,{"$f":"ORÇAMENTO!A43","v":"5.2"},{"$f":"ORÇAMENTO!E43","v":"PLACA DE SINALIZACAO EM CHAPA DE ACO NUM 16 COM PINTURA REFLETIVA"},{"$f":"ORÇAMENTO!J43","v":{"v":586.05,"d":"R$ 586.05"}}]
[null,{"$f":"ORÇAMENTO!A44","v":"5.3"},{"$f":"ORÇAMENTO!E44","v":"Tubo galvanizado sem costura schedule 40, DN= 2 1/2´, inclusive conexões"},{"$f":"ORÇAMENTO!J44","v":{"v":3212.244,"d":"R$ 3,212.24"}}]
[8,null,"Acessibilidade",null,{"$f":"SUM(D45:D48)","v":{"v":28916.8324,"d":"R$ 28,916.83"}}]
[null,{"$f":"ORÇAMENTO!A46","v":"6.1"},{"$f":"ORÇAMENTO!E46","v":"CORTE E RECORTE DE ÁRVORES INCLUSIVE RETIRADA DE RAÍZES - SINAPI 01-20"},{"$f":"ORÇAMENTO!J46","v":{"v":1523.8999999999999,"d":"R$ 1,523.90"}}]
[null,{"$f":"ORÇAMENTO!A47","v":"6.2"},{"$f":"ORÇAMENTO!E47","v":"LIMPEZA MECANIZADA DE CAMADA VEGETAL, VEGETAÇÃO E PEQUENAS ÁRVORES (DIÂMETRO DE TRONCO MENOR QUE 0,20 M), COM TRATOR DE ESTEIRAS.AF_05/2018"},{"$f":"ORÇAMENTO!J47","v":{"v":212.25279999999998,"d":"R$ 212.25"}}]
[null,{"$f":"ORÇAMENTO!A48","v":"6.3"},{"$f":"ORÇAMENTO!E48","v":"EXECUÇÃO DE PASSEIO (CALÇADA) OU PISO DE CONCRETO COM CONCRETO MOLDADO IN LOCO, USINADO, ACABAMENTO CONVENCIONAL, NÃO ARMADO. AF_07/2016"},{"$f":"ORÇAMENTO!J48","v":{"v":24278.5396,"d":"R$ 24,278.54"}}]
[null,{"$f":"ORÇAMENTO!A49","v":"6.4"},{"$f":"ORÇAMENTO!E49","v":"PISO PODOTÁTIL, DIRECIONAL OU ALERTA, ASSENTADO SOBRE ARGAMASSA. AF_05/2020"},{"$f":"ORÇAMENTO!J49","v":{"v":2902.14,"d":"R$ 2,902.14"}}]
[9,null,"Placa de Obras",null,{"$f":"D50","v":{"v":4147.9800000000005,"d":"R$ 4,147.98"}}]
[null,{"$f":"ORÇAMENTO!A12","v":"1.1"},{"$f":"ORÇAMENTO!E12","v":"PLACA DE OBRA (PARA CONSTRUCAO CIVIL) EM CHAPA GALVANIZADA *N. 22*, ADESIVADA, DE *2,0 X 1,125* M"},{"$f":"ORÇAMENTO!J13","v":{"v":4147.9800000000005,"d":"R$ 4,147.98"}}]
[]
[null,null,"TOTAL GERAL",null,{"$f":"SUM(E9:E50)+0.01","v":{"v":276154.49919999996,"d":"R$ 276,154.50"}}]
[]
[]
[null,null,"Carlos Eduardo Mazzetto"]
[null,null,"Eng. Civil         SMDU"]
[null,null,"CREA 5060363666"]

{"sheet":"Cronograma PLE","index":3,"n_rows":28,"n_cols":20,"rows_kept":28,"merged":[[0,3,1,15],[7,0,8,1],[7,2,8,2],[7,3,8,3],[7,4,7,5],[7,6,7,7],[7,8,7,9],[7,10,7,11],[7,12,7,13],[7,14,7,15],[9,0,9,1],[10,0,10,1],[11,0,11,1],[12,0,12,1],[13,0,13,1],[14,0,14,1],[15,0,15,1],[16,0,16,1],[17,0,17,1]]}
[{"$nulls":3},"Cronograma PLE"]
[]
[]
["Obra: ","Pavimentação da Rua Albertino Lastória - Trecho II"]
["Local:","Rua Albertino Latória, distrito de Três Pontes Amparo SP"]
["Operação ","1066052-45","P + Brasil      889178",null,null,"DATA BASE ","2021-01-01"]
[]
["Evento ",null,"Título do Evento / Descrição do Serviço","Total","MÊS 1",null,"MÊS 2",null,"MÊS 3",null,"MÊS 4",null,"MÊS 5",null,"MÊS 6"]
[{"$nulls":4},"part %","valor","part %","valor","part %","valor","part %","valor","part %","valor","part %","valor",{"$nulls":3},{"v":2283.3,"d":"R$ 2,283.30"}]
[1,null,"Serviços Iniciais",{"$f":"Eventograma!E9","v":{"v":1522.1999999999998,"d":"R$ 1,522.20"}},null,null,{"v":1,"d":"100%"},{"$f":"G10*D10","v":{"v":1522.1999999999998,"d":"R$ 1,522.20"}},{"$nulls":11},{"v":2405.1789999999996,"d":"R$ 2,405.18"}]
[2,null,"Demolições e Retiradas",{"$f":"Eventograma!E11","v":{"v":3135.5306999999993,"d":"R$ 3,135.53"}},{"$nulls":4},{"v":1,"d":"100%"},{"$f":"I11*D11","v":{"v":3135.5306999999993,"d":"R$ 3,135.53"}},{"$nulls":9},{"v":34838.9664,"d":"R$ 34,838.97"}]
[3,null,"Pavimentação Base",{"$f":"Eventograma!E16","v":{"v":42143.220700000005,"d":"R$ 42,143.22"}},null,null,{"v":1,"d":"100%"},{"$f":"G12*D12","v":{"v":42143.220700000005,"d":"R$ 42,143.22"}},{"$nulls":11},{"v":36782.723399999995,"d":"R$ 36,782.72"}]
[4,null,"Pavimentação Capa",{"$f":"Eventograma!E20","v":{"v":37698.094399999994,"d":"R$ 37,698.09"}},{"$nulls":6},{"v":1,"d":"100%"},{"$f":"K13*D13","v":{"v":37698.094399999994,"d":"R$ 37,698.09"}},{"$nulls":7},{"v":36289.6382,"d":"R$ 36,289.64"}]
[5,null,"Drenagem Superficial",{"$f":"Eventograma!E24","v":{"v":35146.2191,"d":"R$ 35,146.22"}},{"$nulls":4},{"v":1,"d":"100%"},{"$f":"I14*D14","v":{"v":35146.2191,"d":"R$ 35,146.22"}},{"$nulls":9},{"v":107759.3066,"d":"R$ 107,759.31"}]
[6,null,"Drenagem Profunda",{"$f":"Eventograma!E28","v":{"v":118978.6467,"d":"R$ 118,978.65"}},{"v":1,"d":"100%"},{"$f":"E15*D15","v":{"v":118978.6467,"d":"R$ 118,978.65"}},{"$nulls":13},{"v":4320.826,"d":"R$ 4,320.83"}]
[7,null,"Sinalização",{"$f":"Eventograma!E40","v":{"v":4465.7652,"d":"R$ 4,465.77"}},{"$nulls":10},{"v":1,"d":"100%"},{"$f":"O16*D16","v":{"v":4465.7652,"d":"R$ 4,465.77"}},{"$nulls":3},{"v":27313.9288,"d":"R$ 27,313.93"}]
[8,null,"Acessibilidade",{"$f":"Eventograma!E44","v":{"v":28916.8324,"d":"R$ 28,916.83"}},{"$nulls":8},{"v":1,"d":"100%"},{"$f":"M17*D17","v":{"v":28916.8324,"d":"R$ 28,916.83"}},{"$nulls":5},{"v":3972.96,"d":"R$ 3,972.96"}]
[9,null,"Placa de Obras",{"$f":"Eventograma!E49","v":{"v":4147.9800000000005,"d":"R$ 4,147.98"}},{"v":1,"d":"100%"},{"$f":"D18","v":{"v":4147.9800000000005,"d":"R$ 4,147.98"}}]
[]
[null,null,"TOTAL GERAL",{"$f":"SUM(D10:D18)+0.01","v":{"v":276154.49919999996,"d":"R$ 276,154.50"}},{"$f":"F20/$D$20","v":{"v":0.4458613821490836,"d":"44.59%"}},{"$f":"SUM(F10:F19)","v":{"v":123126.6267,"d":"R$ 123,126.63"}},{"$f":"H20/$D$20","v":{"v":0.15811953390763372,"d":"15.81%"}},{"$f":"SUM(H10:H19)","v":{"v":43665.4207,"d":"R$ 43,665.42"}},{"$f":"J20/$D$20","v":{"v":0.13862439290650533,"d":"13.86%"}},{"$f":"SUM(J10:J19)","v":{"v":38281.749800000005,"d":"R$ 38,281.75"}},{"$f":"L20/$D$20","v":{"v":0.1365108825284712,"d":"13.65%"}},{"$f":"SUM(L10:L19)","v":{"v":37698.094399999994,"d":"R$ 37,698.09"}},{"$f":"N20/$D$20","v":{"v":0.1047125159422353,"d":"10.47%"}},{"$f":"SUM(N10:N19)","v":{"v":28916.8324,"d":"R$ 28,916.83"}},{"$f":"P20/$D$20","v":{"v":0.0161712563544574,"d":"1.62%"}},{"$f":"SUM(P10:P19)","v":{"v":4465.7652,"d":"R$ 4,465.77"}}]
[{"$nulls":4},{"$f":"F21/$D$20","v":{"v":0.4458613821490836,"d":"44.59%"}},{"$f":"F20","v":{"v":123126.6267,"d":"R$ 123,126.63"}},{"$f":"H21/$D$20","v":{"v":0.6039809160567173,"d":"60.40%"}},{"$f":"H20+F21","v":{"v":166792.04739999998,"d":"R$ 166,792.05"}},{"$f":"J21/$D$20","v":{"v":0.7426053089632225,"d":"74.26%"}},{"$f":"J20+H21","v":{"v":205073.79719999997,"d":"R$ 205,073.80"}},{"$f":"L21/$D$20","v":{"v":0.8791161914916938,"d":"87.91%"}},{"$f":"L20+J21","v":{"v":242771.89159999997,"d":"R$ 242,771.89"}},{"$f":"N21/$D$20","v":{"v":0.9838287074339291,"d":"98.38%"}},{"$f":"N20+L21","v":{"v":271688.724,"d":"R$ 271,688.72"}},{"$f":"P21/$D$20","v":{"v":1.0000000000000002,"d":"100.00%"}},{"$f":"P20+N21+0.01","v":{"v":276154.4992,"d":"R$ 276,154.50"}}]
[]
[]
[]
[]
[{"$nulls":3},"Carlos Eduardo Mazzetto"]
[{"$nulls":3},"Eng. Civil         SMDU"]
[{"$nulls":3},"CREA 5060363666"]